| 000 | 00943nam2a22002651 4500 | ||
|---|---|---|---|
| 001 | v19\rc\1272758 | ||
| 005 | 20250620052244.0 | ||
| 035 | _a(NLR Aleph) 005189456 | ||
| 090 |
_a5197608 _c5197608 |
||
| 100 | _a20060306d1904 |||y0rusy50 ca | ||
| 101 | 0 | _arus | |
| 102 | _aRU | ||
| 105 | _ay z ||||| | ||
| 200 | 1 | _aЗемледелие, промышленность и ремесла | |
| 205 | _a2-е изд. | ||
| 210 |
_d1904 _aБ. м. |
||
| 461 | 0 |
_1001RU\NLR\19V\602191 _12001#$aДля интеллигентных читателей$e1$v94 _910737726 _cМосква _d1894-1905 _e2-е изд. _n"Посредник" _o1 _tДля интеллигентных читателей _v94 |
|
| 700 | 1 |
_aКропоткин _bП.Я. |
|
| 801 | 0 |
_aRU _bNLR _c20060306 _gpsbo |
|
| 801 | 1 |
_aRU _bProSoft-M _c20060306 _2rusmarc |
|
| 801 | 2 |
_aRU _bNLR _c20070815 _2rusmarc |
|
| 852 |
_aNLR _j38.79.9.126 |
||
| 852 |
_aNLR _j20.86.6.23 |
||
| 942 | _cBOOK | ||
| 980 | _aNB | ||